000 01284cam a22002891ia4500
003 SA-RiAUC
005 20250720035108.0
008 250719s1984 su g b 000r0 ara c
040 _aSA-MaUQU
_bara
_cSA-RiAUC
_erda
082 0 4 _a011.31
_qSA-RiAUC
090 _a011.31
_bذ خ ي
245 0 2 _aالذخيرة من المصنفات الصغيرة /
_cحققها أبي عبد الرحمن بن عقيل الظاهري.
250 _aالطبعة الأولى.
264 1 _aالرياض :
_bعبد الرحمن بن عقيل الظاهري،
_c1984.
300 _a2 مجلد ؛
_c24 سم
336 _aنص
_btxt
_2rdacontent
_3كتاب
337 _aبدون وسيط
_bn
_2rdamedia
338 _aمجلد
_bnc
_2rdacarrier
504 _aببليوجرافية : صفحة 299-316.
505 2 _aالمحتويات : السفر الأول : يشتمل على تحقيق 11 مخطوطا.
650 7 _aالببليوجرافيات العامة
_2aucsh
650 7 _aالمخطوطات العربية
_vببليوجرافيات
_2aucsh
650 7 _aالمخطوطات
_vببليوجرافيات
_2aucsh
700 1 _aالظاهري، أبو عبد الرحمن بن عقيل،
_d1357 هجري-
_eمحقق.
942 _2ddc
_cBOOK
_n0
949 _aSA-JeALM
_d250719
_umohamedma123
_n1
999 _c10082
_d10082